Sports Quiz

Random Sports or Baseball Quiz

Top Home Run Hitters of All-Time Quiz Stats

 Plays Quiz Updated Oct 1, 2019

Score 0/201 Timer 20:00
8 Plays Today
Home Runs Player % Correct
762Barry Bonds
98.4%
714Babe Ruth
98.4%
755Hank Aaron
96.6%
696Alex Rodriguez
96.5%
630Ken Griffey Jr.
94.7%
609Sammy Sosa
94.1%
656Albert Pujols
92.7%
660Willie Mays
92.6%
612Jim Thome
91.1%
332Bobby Bonds
90.7%
583Mark McGwire
90.7%
541David Ortiz
89.9%
536Mickey Mantle
89.7%
521Ted Williams
89.6%
282Adam Jones
89.2%
311Ivan Rodriguez
89%
271Hanley Ramirez
88.3%
426Billy Williams
88.1%
521Frank Thomas
88%
555Manny Ramirez
87.7%
468Chipper Jones
87.6%
434Andruw Jones
87.4%
563Reggie Jackson
86.8%
548Mike Schmidt
86%
378Matt Williams
85.8%
287Bernie Williams
85.7%
354Lee May
85.4%
586Frank Robinson
85.2%
286Frank Thomas
85%
493Lou Gehrig
84.7%
386Aramis Ramirez
82.5%
573Harmon Killebrew
82.4%
512Ernie Banks
81.7%
449Jeff Bagwell
81.5%
569Rafael Palmeiro
81.1%
462Jose Canseco
80.4%
434Juan Gonzalez
80.3%
268Gorman Thomas
80.2%
521Willie McCovey
79.6%
431Cal Ripken
79.6%
389Johnny Bench
79.5%
354Luis Gonzalez
78.7%
382Frank Howard
78.6%
475Stan Musial
77.5%
534Jimmie Foxx
77.2%
382Ryan Howard
76.8%
475Willie Stargell
76.4%
268Brooks Robinson
76.4%
477Adrian Beltre
76.1%
396Joe Carter
75.4%
477Miguel Cabrera
75.3%
504Eddie Murray
75.2%
317Adrian Gonzalez
75.1%
452Carl Yastrzemski
74.8%
427Mike Piazza
74.7%
511Mel Ott
74.6%
319Prince Fielder
74.2%
449Vladimir Guerrero
74.1%
339Tino Martinez
73.7%
361Joe DiMaggio
73.7%
295Chris Davis
73.7%
383Larry Walker
73.6%
319Cecil Fielder
73.5%
285Mike Trout
73%
309Edgar Martinez
72.5%
369Todd Helton
72%
462Adam Dunn
71.9%
Home Runs Player % Correct
438Andre Dawson
71.8%
509Gary Sheffield
71.4%
493Fred McGriff
71.2%
439Paul Konerko
71.1%
440Jason Giambi
70.8%
382Jim Rice
70.1%
473Carlos Delgado
70.1%
324Gary Carter
69.8%
358Yogi Berra
69.7%
381Albert Belle
69.7%
328Shawn Green
69.1%
399Al Kaline
68.8%
291Craig Biggio
68.6%
335Darryl Strawberry
68.6%
512Eddie Mathews
68%
409Mark Teixeira
67.6%
465Dave Winfield
67.1%
284Joey Votto
67%
308Giancarlo Stanton
66.9%
366Lance Berkman
66.8%
377Jeff Kent
66.5%
435Carlos Beltran
66.4%
317George Brett
65.8%
288Indian Bob Johnson
65.6%
399Andres Galarraga
65.4%
398Dale Murphy
65.3%
350Chili Davis
65.3%
297Rickey Henderson
64.7%
385Dwight Evans
64%
331Derrek Lee
63.4%
442Dave Kingman
63.1%
270Ryan Zimmerman
62.7%
344Jose Bautista
62.5%
414Darrell Evans
62.5%
407Duke Snider
62.1%
282Eric Davis
62.1%
379Tony Perez
62%
393Jim Edmonds
61.9%
376Carlton Fisk
61.9%
331Hank Greenberg
61.8%
344Ryan Braun
61.5%
314Reggie Smith
61.4%
287Garret Anderson
61.3%
358Carlos Lee
60.8%
324Robinson Cano
60.4%
297Evan Longoria
60.4%
412Alfonso Soriano
60.4%
369Ralph Kiner
60.1%
340Jack Clark
59.3%
328Mo Vaughn
59.2%
355Greg Vaughn
59.2%
342Ron Santo
59.2%
348George Foster
58.5%
275Roger Maris
58.2%
275Jorge Posada
58.1%
310Jay Buhner
56.9%
282Ryne Sandberg
56.9%
293Kent Hrbek
56.5%
274Dante Bichette
56.1%
414Edwin Encarnación
56%
320Troy Glaus
55.7%
339Dave Parker
55.2%
284Will Clark
54.8%
384Harold Baines
54.6%
305David Justice
53.8%
379Orlando Cepeda
53.7%
390Graig Nettles
53.6%
Home Runs Player % Correct
268Joe Morgan
53.2%
299Tim Salmon
52.4%
281Matt Kemp
52.3%
306Fred Lynn
52.3%
316Matt Holliday
51.6%
339Boog Powell
51.2%
360Gary Gaetti
51.1%
301Rogers Hornsby
50.9%
359Johnny Mize
50.8%
401Nelson Cruz
50.8%
332Moises Alou
50.2%
287Bobby Bonilla
49.9%
338Don Baylor
49.7%
320Vinny Castilla
49.7%
306Richie Sexson
49.7%
316Ron Cey
49.2%
351Dick Allen
48.3%
272Steve Garvey
48%
353Torii Hunter
48%
325Jermaine Dye
47.8%
307Miguel Tejada
47.8%
370Gil Hodges
47.6%
374Rocky Colavito
47.6%
377Norm Cash
47%
352Ellis Burks
46.8%
316Scott Rolen
46.6%
307Greg Luzinski
45.1%
344Curtis Granderson
45.1%
294Magglio Ordonez
45%
286Carlos Pena
44.9%
312Jay Bruce
44.9%
279Ted Kluszewski
44.8%
324Lance Parrish
44.6%
281Paul O'Neill
43.6%
321Ron Gant
43.4%
288Bobby Abreu
43.1%
292Rusty Staub
42.4%
307Al Simmons
42.2%
284Eric Karros
41.4%
300Chuck Klein
40.6%
298Justin Upton
40.2%
282Brian McCann
39.9%
298Mark Reynolds
39.7%
292Pat Burrell
39.3%
305Raul Ibanez
38.7%
271Raul Mondesi
38.4%
325Willie Horton
38.4%
294Robin Ventura
38.2%
304Steve Finley
38.1%
336Joe Adcock
37.8%
275Dean Palmer
37.3%
270Vernon Wells
37.2%
305Reggie Sanders
37.1%
291Jimmy Wynn
36.4%
306Ruben Sierra
36.2%
287Brian Giles
35.4%
315Jeromy Burnitz
34.8%
278Mike Cameron
34.1%
282Ken Boyer
32%
278Ryan Klesko
30.1%
271George Scott
29.8%
318Roy Sievers
29.7%
288Hank Sauer
28.8%
271Tom Brunansky
28.2%
275Brian Downing
28%
288Del Ennis
27.8%
277Rudy York
26.4%

You're not logged in!

Compare scores with friends on all Sporcle quizzes.
OR
Log In

Sporcle TV

Today on Sporcle TV


Watch our educational content, quiz creation guides, and fun videos on Sporcle TV.

Show Comments

Extras

Top Quizzes Today


Score Distribution

Your Account Isn't Verified!

In order to create a playlist on Sporcle, you need to verify the email address you used during registration. Go to your Sporcle Settings to finish the process.

Report this User

Report this user for behavior that violates our Community Guidelines.

Details: